Generalbassübungen: als Anleitung zum Continouspiel und Freien Improvisieren in drei Lehrgängen, Unter-, Mittel- und Oberstufe, mit 43 Originalsätzen der Generalbassliteratur

Guardat en:
Dades bibliogràfiques
Autor principal: Grabner, Hermann (Autor)
Format: Llibre
Idioma:alemany
Publicat: Colonia Fr.Kistner und C.F.W.Siegel 1936
Matèries:
Etiquetes: Afegir etiqueta
Sense etiquetes, Sigues el primer a etiquetar aquest registre!

MARC

LEADER 00000nam a2200000 a 4500
001 UCN2660
003 CL-VaPUC
008 010531e19360000GW |||||||||||||||||ger|d
082 0 4 |a 781.47  |b GRA  |2 21 
100 0 |a Grabner, Hermann  |e author  |9 458766 
245 1 0 |a Generalbassübungen: als Anleitung zum Continouspiel und Freien Improvisieren in drei Lehrgängen, Unter-, Mittel- und Oberstufe, mit 43 Originalsätzen der Generalbassliteratur 
300 |a 40 p 
942 |c BK 
945 |d 20010531 00:00:00  |a crobeson 
260 |a Colonia  |b Fr.Kistner und C.F.W.Siegel  |c 1936 
650 7 |a BAJO CIFRADO  |2 CL-VaPUC  |9 458762 
650 0 |a Armonía  |9 306328 
650 0 |a Música estudio e instrucción   |9 306355 
583 |a last modification  |c 20010531 00:00:00  |k Rodrigo Vera 
999 |c 295715  |d 295713